Anime/Game Quiz - Statistics

General Stats
  • This quiz has been taken 280 times
  • The average score is 6 of 25
Answer Stats
Hint Answer % Correct
Goku Dragonball Z
86%
Alphonse Elric Fullmetal Alchemist
86%
Team Rocket Pokemon
84%
Chidori Naruto
51%
Keyblade Kingdom Hearts
45%
Princess Toadstool Super Mario Bros.
42%
Waddle Dee Kirby
27%
Ridley Metroid
24%
King K. Rool Donkey Kong
23%
Lady Palutena Kid Icarus
20%
Diablo, Baal, Mephisto Diablo
18%
Blade of Olympus God of War
18%
The Thousand-Year Door Paper Mario
15%
Rathalos Monster Hunter
11%
Ghirahim Legend Of Zelda
10%
Dr. Nefarious Ratchet & Clank
9%
Prince Arthas Warcraft
8%
Balthier Final Fantasy XII
5%
Li Shenshun Darker Than Black
3%
B. Orchid Killer Instinct
3%
Zack Fair Crisis Core: Final Fantasy VII
2%
Tanner Driver
2%
Ottsel Jak & Daxter
2%
Toan Dark Cloud
0%
Bahamut, Azdaja, Vermillion Lord of Arcana
0%
No matching quizzes found
Score Distribution
Percent of People with Each Score
Percentile by Number Answered
Your Score History
You have not taken this quiz